005300000a22001810004500003001100000005001700011008004100028040003900069041000800108082001700116100001700133245007300150260004500223300001000268650002000278650003000298700002000328LK-CoMWRAF20231224004102.0230817t1987 ||||| |||| 00| 0 eng d aLK-CoMWRAFdLK-CoMWRAFeLK-CoMWRAF aeng a297.265bAFZ aAfza, Nazhat aThe Position of woman in Islam (A comparative study) :btwo articles aKarachi:bIslamic Book Publishers,c1982 a37 p. aWomen in Islam  aWomen's rights -- History aAhmed, Khurshid